The Barabanki narcos Busting India's most notorious drug cartel / (Record no. 172309)

MARC details
000 -LEADER
fixed length control field 00594nam a22001937a 4500
005 - DATE AND TIME OF LATEST TRANSACTION
control field 20200203124513.0
010 ## - LCCN (DPL NO)
LC control number ENG-127589
020 ## - INTERNATIONAL STANDARD BOOK NUMBER
International Standard Book Number 9789388322584
Terms of availability 350.00
035 ## - SYSTEM CONTROL NUMBER
System control number EN-111121
037 ## - SOURCE OF ACQUISITION
Source of stock number/acquisition DBAD/PUB
082 ## - DEWEY DECIMAL CLASSIFICATION NUMBER
Classification number 363.45
100 ## - MAIN ENTRY--PERSONAL NAME
Personal name Lal,Aloke
245 ## - TITLE STATEMENT
Title The Barabanki narcos Busting India's most notorious drug cartel /
Remainder of title by Aloke Lal
260 ## - PUBLICATION, DISTRIBUTION, ETC. (IMPRINT)
Place of publication, distribution, etc Gurugram
Name of publisher, distributor, etc Hachette India
Date of publication, distribution, etc 2019
270 ## - ADDRESS
City Gurugram
Address 4th & 5th floor , corporate centre, plot no-94,sector-44
Postal code 122003
300 ## - PHYSICAL DESCRIPTION
Extent 190p.
Other physical details 19cm(hb)
500 ## - GENERAL NOTE
General note
942 ## - ADDED ENTRY ELEMENTS (KOHA)
Source of classification or shelving scheme Dewey Decimal Classification
Item type English Books
Classification part 363.45
Call number suffix LAL
Holdings
Withdrawn status Lost status Not for loan Collection code Home library Current library Date acquired Source of acquisition Cost, normal purchase price Full call number Barcode Copy number Cost, replacement price Koha item type
      Non-fiction Sarojini Nagar Sarojini Nagar 31/01/2020 DBAD/PUB 350.00 363.45 LAL EN-111121 1 350.00 English Books

© Delhi Public Library
Hit Counter
free hit counter